000 00416nam a22001817a 4500
003 MPLRDC
005 20220104143501.0
008 210129b ||||| |||| 00| 0 eng d
082 _a868.71 FEZ-2
100 _a方娥真
245 _a白衣
_c
250 _a初版
260 _a
_b林白出版社
_c1987
300 _b
490 _a岛屿文库. 39
650 _a马华文学
942 _cBK
_o868.71 FEZ-2
999 _c40352
_d40342